| 000 | 00814nam a2200229Ia 4500 | ||
|---|---|---|---|
| 003 | OSt | ||
| 005 | 20251127120733.0 | ||
| 008 | 210719s2007 xx 000 0 und d | ||
| 040 | _cAL | ||
| 041 | _aKannada | ||
| 082 | _aK894.4 SARG | ||
| 100 |
_aSARADARA (Ganghadara Balakrashna) _dಸರದಾರ (ಗಂಗಾಧರ ಬಾಲಕೃಷ್ಣ) _9246989 |
||
| 245 |
_aGandhiji mattu Ambedakara _bಗಾಂಧೀಜಿ ಮತ್ತು ಅಂಬೇಡ್ಕರ್ |
||
| 260 |
_aBelagavi _bNishantha prakashana _c2007 |
||
| 300 |
_avii-150 _bPB |
||
| 365 |
_b100 _cRs |
||
| 650 |
_aKannada Prose _9246990 |
||
| 650 |
_aKannada Prose _9246990 |
||
| 700 |
_aAnanta Kallola _dಅನಂತ ಕಲ್ಲೋಳ tr _9246991 |
||
| 906 | _aAmbedakara ; Ananta ; by ; Gandhiji ; Kallola ; mattu ; Tr | ||
| 942 |
_2ddc _cBK |
||
| 999 |
_c215020 _d215020 |
||